Vista normal
Vista MARC
Entrada Meeting Name
Número de registros utilizados en: 1
001 - CONTROL NUMBER
- control field: 3676
003 - CONTROL NUMBER IDENTIFIER
- control field: OSt
005 - DATE AND TIME OF LATEST TRANSACTION
- control field: 20200429154522.0
008 - FIXED-LENGTH DATA ELEMENTS
- fixed length control field: 200429|| aca||aabn | a|a d
040 ## - CATALOGING SOURCE
- Original cataloging agency: OSt
- Transcribing agency: OSt
111 ## - HEADING--MEETING NAME
- Meeting name or jurisdiction name as entry element: Seminario de Migraciones Internacionales en Colombia (1999 : Bogotá)
670 ## - SOURCE DATA FOUND
- Source citation: Work cat.: (OSt)4891: Seminario de Migraciones Internacionales en Colombia (1999 : Bogotá), Memorias /, 2000